00513nam a2200157Ia 4500008004000000082001300040100002500053245003900078260003900117300000800156650002100164690001600185906001100201999001700212952012600229210210b1980 xxu||||| |||| 00| 0 eng d a364 SETS aSETHNA (Jehangir M). aSethna's society and the criminal. aBombaybN M Tripathi pvt ltdc1980 a417 asociety criminal aCriminology a035390 c86108d86108 001040708Social WorkaALbALcSocial Workd2021-02-17g50.00l0o364 SETSp035390r2021-02-17 00:00:00w2021-02-17yBK